000 00598nam a2200193Ia 4500
005 20250326144957.0
008 250326s9999 xx 000 0 und d
020 _a0-7668-1584-6
037 _aTextbook
040 _aFMSL
_beng
_cFMSL
041 _aeng
_2eng
084 _aX8(NA44):8 P0
_qFMSL
100 _aMichael Angie
_9750419
245 0 _aBest impressions in hospitality: your professional image for excellence
_cMichael Angie
260 _aUnited Kingdom
_bUnited Kingdom, Delmar
_c2000
300 _axvii,214
942 _cTB
_hX8(NA44):8 P0
999 _c1305892
_d1305892